Módulos de control en Ch

Salvato in:
Dettagli Bibliografici
Autore principale: Vargas Sarquís, Carolina
Natura: Libro
Pubblicazione: [San José, Costa Rica] 2007
Soggetti:
Tags: Aggiungi Tag
Nessun Tag, puoi essere il primo ad aggiungerne!!

MARC

LEADER 00000nam a2200000Ia 4500
003 009985
005 20221231144105.0
008 140114s2007 cr a 000 ||s d
040 |c cru CEDI 
090 |a TFG 5514 
100 |a Vargas Sarquís, Carolina   |9 4709 
245 |a Módulos de control en Ch  
260 |c 2007  |b [San José, Costa Rica] 
300 |a viii, 35 hojas; ilustraciones 
500 |a Proyecto de graduación (bachillerato en ingeniería eléctrica)--Universidad de Costa Rica. Facultad de Ingeniería. Escuela de Ingeniería Eléctrica 
650 |x CONTROL AUTOMATICO  |x SISTEMAS DE CONTROL   |x INTERNET  |x PROGRAMAS PARA COMPUTADORA  |9 4710 
942 |c TFG 
999 |c 16745  |d 16745